| 000 | 013470000a22003130004500 | ||
|---|---|---|---|
| 003 | EG-GICUC | ||
| 005 | 20250223025755.0 | ||
| 008 | 060917s2006 ua f m 000 0 eng d | ||
| 040 |
_aEG-GICUC _beng _cEG-GICUC |
||
| 041 | 0 | _aeng | |
| 049 | _aDeposite | ||
| 097 | _aPh.D | ||
| 099 | _aCai01.02.12.Ph.D.2006.Na.C | ||
| 100 | 0 | _aNashwa Hassan Alkasry | |
| 245 | 1 | 0 |
_aContemporary modes of spirituality in selected english fiction / _cNashwa Hassan Alkasry ; Supervised Galila Ann Ragheb |
| 246 | 1 | 5 | _aمظاهر الروحانية فى مختارات من الرواية الانجليزية المعاصرة |
| 260 |
_aCairo : _bNashwa Hassan Al - kasry , _c2006 |
||
| 300 |
_a211 P. ; _c25cm |
||
| 502 | _aThesis (Ph.D.) - Cairo University - Faculty of Arts - Department of English | ||
| 520 | _aA reciprocal linkage of fiction and philosophy helps the novelist to push off into new worlds of aesthetic imagination and to bring to his art a new intensity of emotion and a deep observation of the human experiencePhilosophical fiction once enjoyed becomes an obsession | ||
| 530 | _aIssued also as CD | ||
| 653 | 4 | _aContemporary | |
| 653 | 4 | _aSpirtuality | |
| 700 | 0 |
_aGalila Ann Ragheb , _eSupervisor |
|
| 856 | _uhttp://172.23.153.220/th.pdf | ||
| 905 |
_aAml _eCataloger |
||
| 905 |
_aEsam _eRevisor |
||
| 942 |
_2ddc _cTH |
||
| 999 |
_c20335 _d20335 |
||